Vnútropodniková komunikácia z hľadiska zefektívnenia riadenia ľudských zdrojov

Návrhy pre optimalizáciu vnútropodnikovej komunikácie v konkrétnom subjekte a analýza súčasného stavu vnútropodnikovej komunikácie v spoločnosti TatraSoft Group, s.r.o. Jej nedostatky a návrh riešení pre ich odstránenie.

Gespeichert in:
Bibliographische Detailangaben
1. Verfasser: Turoňová, Mária
Format: Buchkapitel
Sprache:Slowakisch
Schlagworte:
Tags: Tag hinzufügen
Keine Tags, Fügen Sie das erste Tag hinzu!

MARC

LEADER 00000naa a2200000 4500
001 0233909
005 20220725101020.8
041 0 |a slo 
044 |a SK 
245 1 0 |a Vnútropodniková komunikácia z hľadiska zefektívnenia riadenia ľudských zdrojov  |c Mária Turoňová 
520 |a Návrhy pre optimalizáciu vnútropodnikovej komunikácie v konkrétnom subjekte a analýza súčasného stavu vnútropodnikovej komunikácie v spoločnosti TatraSoft Group, s.r.o. Jej nedostatky a návrh riešení pre ich odstránenie. 
610 2 0 |a Slovensko 
610 2 0 |a komunikácia firemná 
610 2 0 |a komunikácia interná 
610 2 0 |a podnik 
610 2 0 |a riadenie ľudských zdrojov 
100 1 |a Turoňová, Mária